01634nam a22002057a 45000010005000000030006000050050017000110080041000280200018000690400029000870500020001160820010001361000022001462450085001682500036002532600035002893000025003245201033003496500046013829591FISKH20260126081909.0260126b cb ||||| |||| 00| 0 eng d a9781529099461 aFISKHbengcFISKHdFISKH aPS3613 .C587545 a813.6 aMcQuiston, Casey  aRed, white & royal blue : bTrue love isn't always diplomatic /cCasey McQuiston aThis edition published in 2022  aDublin : bMac Millan, c2019  a440 pages : c20 cm  aWhen his mother became President, Alex Claremont-Diaz was promptly cast as the American equivalent of a young royal. Handsome, charismatic, genius--his image is pure millennial-marketing gold for the White House. There's only one problem: Alex has a beef with an actual prince, Henry, across the pond. And when the tabloids get hold of a photo involving an Alex-Henry altercation, U.S./British relations take a turn for the worse. Heads of family, state, and other handlers devise a plan for damage control: staging a truce between the two rivals. What at first begins as a fake, Instragramable friendship grows deeper, and more dangerous, than either Alex or Henry could have imagined. Soon Alex finds himself hurtling into a secret romance with a surprisingly unstuffy Henry that could derail the campaign and upend two nations and begs the question: Can love save the world after all? Where do we find the courage, and the power, to be the people we are meant to be? And how can we learn to let our true colors shine through? acontemporaryvLGBTQ+xRomanceyYung Adult